Super Hard Brazilian History Quiz - Statistics

General Stats
  • This quiz has been taken 75 times
  • The average score is 7 of 15
Answer Stats
Question Answer % Correct
Besides Portugal, which were the three European countries that had more immigrants in Brazil? Italy, Spain, Germany
78%
In which war did more Brazilians die? Paraguayan War
78%
Which products were the main ones economically, during the history of Brazil? Brazilwood, sugarcane and coffee
67%
Which country was the first to create a colony in the current city of Rio de Janeiro? France
67%
From which imperial houses were the last king and queen of the Empire of Brazil? House of Braganza and House of Bourbon-Two Sicilies;
56%
Which Brazilian state became independent for about nine years? Rio Grande do Sul
56%
Which of these at some point in history has been part of Brazil? Uruguay
56%
Which president had a communist and a fascist revolution during his government? Getúlio Vargas
44%
What name did the Portuguese give to Brazil on its first arrival? Island of the True Cross (Ilha de Vera Cruz)
44%
According to research, how many indigenous people were there in Brazil in 1500? 3.000.000
33%
How many vice presidents assumed the presidency after death / resignation / impeachment / removal of the president? Eight (8)
33%
Which of these wars did Brazil not fight? War of the Pacific
33%
For how many years did Don Pedro II remain in power? 58 years
22%
Which president stayed in office for the shortest time? Carlos Luz
22%
How many dictators did Brazil have during the republic? Six (6)
22%
No matching quizzes found
Score Distribution
Percent of People with Each Score
Percentile by Number Answered
Your Score History
You have not taken this quiz